Statistics for Players to win a trophy since leaving Tottenham Hotspur

Click here to take the quiz!

General Stats

  • This quiz has been taken 35 times
    (13 since last reset)
  • The average score is 14 of 35

Answer Stats

CluesAnswer% Correct
Welsh WingerGareth Bale
92%
Croatian MidfielderLuka Modrić
92%
Bulgarian StrikerDimitar Berbatov
75%
Irish StrikerRobbie Keane
75%
English DefenderKyle Walker
67%
Belgian DefenderToby Alderweireld
67%
Danish MidfielderChristian Eriksen
58%
English GoalkeeperJoe Hart
58%
Dutch MidfielderRafael van der Vaart
58%
American ForwardClint Dempsey
50%
English StrikerJermain Defoe
50%
Brazilian MidfielderPaulinho
50%
Croatian DefenderVedran Ćorluka
50%
Ivorian MidfielderDidier Zokora
42%
Argentinian DefenderFederico Fazio
42%
French WingerGeorges-Kevin N'Koudou
42%
Ghanaian MidfielderKevin-Prince Boateng
42%
Russian StrikerRoman Pavlyuchenko
42%
Dutch StrikerVincent Janssen
42%
South Korean DefenderYoung-pyo Lee
42%
Moroccan MidfielderAdel Taarabt
33%
American DefenderCameron Carter-Vickers
33%
Spanish StrikerFernando Llorente
33%
Argentinian DefenderJuan Foyth
33%
Finnish MidfielderTeemu Tainio
33%
Kenyan MidfielderVictor Wanyama
33%
French DefenderBenjamin Stambouli
25%
Egyptian MidfielderHossam Ghaly
25%
South African DefenderBongani Khumalo
17%
English DefenderKieran Trippier
17%
French MidfielderÉtienne Capoue
8%
Congolese WingerPaul-José Mpoku
0%
Jamaican WingerSimon Dawkins
0%
Czech StrikerTomas Pekhart
0%
Croatian MidfielderTomislav Gomelt
0%

Score Distribution

Percentile by Number Answered

Percent of People with Each Score

Your Score History

You have not taken this quiz since the last reset